| 000 | 00992cam a2200205 4500 | ||
|---|---|---|---|
| 001 | ABS65997 | ||
| 008 | 020925n2002 000 0 eng u | ||
| 035 | _a(Sirsi) u119844 | ||
| 100 | _aEade, C. | ||
| 245 | _aRoadside | ||
| 260 | _c2002 | ||
| 490 |
_aProperty Week _v67(31) 9 August 2002, 33-44(6) |
||
| 520 | _aSpecial report on properties specific to roadsides. "The death of the rural petrol pump" highlights how the closure of thousands of petrol stations has meant many motorists face a long journey to the nearest petrol pumps. However, housebuilders and car showrooms have taken advantage of this situation. Graph. "Kwik change" questions the future of the fast-fit sector, when Ford bought Kwik-fit for £1bn in 1999, and sold it for £350m. | ||
| 590 | _aABS | ||
| 650 | _aPROPERTY-INFRASTRUCTURE-TRANSPORT INFRASTRUCTURE-ROAD INFRASTRUCTURE | ||
| 650 | _aPETROL FILLING STATIONS | ||
| 650 | _aCAR REPAIR WORKSHOP | ||
| 690 | _aTRANSPORT AND COMMUNICATIONS | ||
| 942 | _n0 | ||
| 999 |
_c71224 _d71224 |
||